[Event "World Amateur-ch"]
[Site "Iasi"]
[Date "2013.04.25"]
[Round "4"]
[White "Antal, Istvan"]
[Black "Iacob, Dorin"]
[Result "1-0"]
[WhiteElo "1991"]
[BlackElo "1848"]
[PlyCount "149"]
[EventDate "2013.04.22"]
[EventType "swiss"]
[EventRounds "9"]
[EventCountry "ROU"]
[SourceTitle "CBM 154 Extra"]
[Source "ChessBase"]
[SourceDate "2013.06.25"]
[SourceVersion "2"]
[SourceVersionDate "2013.06.25"]
[SourceQuality "1"]

1. e4 c6 2. d4 d5 3. Nc3 dxe4 4. Nxe4 Nd7 5. Nf3 Ngf6 6. Bd3 e6 7. Bf4 Nxe4 8. Bxe4 Nf6 9. Bd3 Be7 10. 0-0 0-0 11. c3 b6 12. Qe2 Bb7 13. Rfd1 Re8 14. Ne5 Qc8 15. Rac1 c5 16. Bb5 Rf8 17. dxc5 Bxc5 18. Nd7 Rd8 19. Nxf6+ gxf6 20. Bh6 Bf8 21. Qg4+ Kh8 22. Bxf8 Rxf8 23. Qf4 f5 24. Qd4+ f6 25. Bd7 Qc7 26. Qd6 Qxd6 27. Rxd6 Rad8 28. Rcd1 e5 29. Bxf5 Rxd6 30. Rxd6 Rf7 31. f3 Kg7 32. Kf2 Rc7 33. h4 Bc6 34. h5 h6 35. g4 Be8 36. Ke3 Bf7 37. a3 Bb3 38. Be4 Ba4 39. Bd5 Bc2 40. Rd8 Bh7 41. c4 f5 42. gxf5 Bxf5 43. f4 exf4+ 44. Kxf4 Bd3 45. b3 Be2 46. Rg8+ Kh7 47. Rg2 Bxh5 48. Be4+ Kh8 49. Rh2 Bd1 50. Rxh6+ Kg8 51. Rh3 Kf8 52. Ke5 Ke7 53. Bd5 Bc2 54. b4 Ba4 55. Be6 Be8 56. Rh8 Ba4 57. Bd5 Bb3 58. Kd4 Ba4 59. c5 bxc5+ 60. bxc5 Bb5 61. Rh6 Kd7 62. Rg6 Ba4 63. Kc4 Bc2 64. Rg7+ Kd8 65. Rg8+ Kd7 66. Rh8 Bf5 67. c6+ Kd6 68. Rh6+ Ke5 69. Kc5 Bc8 70. Rh8 Ba6 71. Re8+ Kf6 72. Kd6 Rh7 73. Rf8+ Kg5 74. Rf7 Rh6+ 75. Kc5 1-0

[Event "World Amateur-ch"]
[Site "Iasi"]
[Date "2013.04.24"]
[Round "3"]
[White "Iacob, Dorin"]
[Black "Fotache, Tudor Felix"]
[Result "1-0"]
[WhiteElo "1848"]
[BlackElo "1524"]
[PlyCount "111"]
[EventDate "2013.04.22"]
[EventType "swiss"]
[EventRounds "9"]
[EventCountry "ROU"]
[SourceTitle "CBM 154 Extra"]
[Source "ChessBase"]
[SourceDate "2013.06.25"]
[SourceVersion "2"]
[SourceVersionDate "2013.06.25"]
[SourceQuality "1"]

1. Nf3 d6 2. d4 Nf6 3. c4 Nbd7 4. Nc3 e5 5. dxe5 dxe5 6. e4 c6 7. h3 Be7 8. Be3 Qc7 9. Rc1 0-0 10. Be2 Re8 11. 0-0 Nf8 12. Qc2 Ng6 13. Rfd1 Nh5 14. c5 Nhf4 15. Bf1 Be6 16. b3 Rad8 17. Kh2 Bd7 18. Na4 Bf8 19. g3 Ne6 20. Qc3 f6 21. b4 Kh8 22. Nb2 Ne7 23. Nc4 Nc8 24. a4 a6 25. a5 Be7 26. Nb6 Nxb6 27. axb6 Qc8 28. h4 Rg8 29. Bc4 h6 30. Qb3 Rge8 31. Rxd7 Qxd7 32. Bxe6 Qd3 33. Qxd3 Rxd3 34. Ne1 Red8 35. Bf5 Ra8 36. Ra1 Rdd8 37. Kg2 g5 38. h5 Kg7 39. Kf3 Kf8 40. Ke2 Ke8 41. Nd3 Kf7 42. Nb2 Bf8 43. Nc4 Be7 44. Na5 Rab8 45. f4 Kg7 46. Nc4 Ra8 47. fxe5 fxe5 48. g4 Re8 49. Rd1 Rad8 50. Nd6 Bxd6 51. cxd6 Rf8 52. Bc5 Rf6 53. d7 Rf7 54. Bd6 Rxf5 55. exf5 Kf6 56. Bc7 1-0

[Event "World Amateur-ch"]
[Site "Iasi"]
[Date "2013.04.22"]
[Round "1"]
[White "Iacob, Dorin"]
[Black "Boldoo, Erdenepurev"]
[Result "0-1"]
[WhiteElo "1848"]
[BlackElo "1886"]
[PlyCount "100"]
[EventDate "2013.04.22"]
[EventType "swiss"]
[EventRounds "9"]
[EventCountry "ROU"]
[SourceTitle "CBM 154 Extra"]
[Source "ChessBase"]
[SourceDate "2013.06.25"]
[SourceVersion "2"]
[SourceVersionDate "2013.06.25"]
[SourceQuality "1"]

1. Nf3 Nf6 2. c4 e6 3. d4 d5 4. Bg5 Bb4+ 5. Nc3 0-0 6. e3 Nbd7 7. Bd3 c5 8. 0-0 Bxc3 9. bxc3 Qa5 10. Bxf6 Nxf6 11. Qb3 Rb8 12. Ne5 Qc7 13. a4 Bd7 14. Nxd7 Qxd7 15. Qb5 Qc7 16. Qxc5 Qxc5 17. dxc5 dxc4 18. Bxc4 Rfc8 19. Bd3 Rxc5 20. c4 Ng4 21. Rab1 Ne5 22. Be2 b6 23. Rb5 Rbc8 24. Rd1 Kf8 25. Rd4 Ke7 26. f4 Nd7 27. Kf2 R5c7 28. g4 Nc5 29. Bd1 e5 30. fxe5 Ne6 31. Rd2 Rxc4 32. Bb3 Rxg4 33. Bxe6 fxe6 34. Rd4 Rxd4 35. exd4 Rc4 36. a5 Rxd4 37. axb6 axb6 38. Rxb6 Rd5 39. Rb7+ Kf8 40. Rb8+ Kf7 41. Rb3 Rxe5 42. Rh3 h6 43. Rg3 Rf5+ 44. Ke3 Kf6 45. Rg4 g5 46. h4 Kg6 47. hxg5 hxg5 48. Rg1 Kh5 49. Rh1+ Kg4 50. Rg1+ Kh3 0-1

[Event "CP-2010-P-00022"]
[Site "LSS email"]
[Date "2010.09.28"]
[Round "?"]
[White "Iacob, Dorin"]
[Black "Kasabasic, Djordje"]
[Result "1/2-1/2"]
[WhiteElo "2075"]
[BlackElo "1836"]
[PlyCount "59"]
[EventDate "2010.10.01"]
[EventType "tourn (corr)"]
[EventRounds "6"]
[EventCountry "GER"]
[SourceTitle "Telechess CBM 143"]
[Source "ChessBase"]
[SourceDate "2011.07.15"]
[SourceVersion "1"]
[SourceVersionDate "2011.07.15"]
[SourceQuality "1"]

1. Nf3 Nf6 2. c4 c5 3. Nc3 Nc6 4. d4 cxd4 5. Nxd4 g6 6. e4 d6 7. Be2 Nxd4 8. Qxd4 Bg7 9. Bg5 0-0 10. Qd2 Be6 11. 0-0 a6 12. Rad1 Rc8 13. b3 Re8 14. Bf3 Qc7 15. Nd5 Nxd5 16. exd5 Bd7 17. Rc1 b5 18. Rfe1 Qd8 19. Be2 Bf6 20. h4 h5 21. Bxf6 exf6 22. cxb5 Rxc1 23. Rxc1 axb5 24. Bf3 Qe7 25. Qb4 Qe5 26. Rb1 Ra8 27. a3 f5 28. Re1 Qf6 29. Rd1 Kg7 30. Re1 1/2-1/2

[Event "LSS CP-2009-P-00052"]
[Site "LSS email"]
[Date "2009.09.27"]
[Round "?"]
[White "Iacob, Dorin"]
[Black "Gasanov, Engels G"]
[Result "1/2-1/2"]
[WhiteElo "2086"]
[BlackElo "1783"]
[PlyCount "52"]
[EventDate "2009.10.01"]
[EventType "tourn (corr)"]
[EventRounds "6"]
[EventCountry "GER"]
[SourceTitle "Telechess CBM 137"]
[Source "ChessBase"]
[SourceDate "2010.07.15"]
[SourceVersion "1"]
[SourceVersionDate "2010.07.15"]
[SourceQuality "1"]

1. Nf3 Nf6 2. c4 c5 3. Nc3 d5 4. cxd5 Nxd5 5. e4 Nb4 6. Bc4 Nd3+ 7. Ke2 Nf4+ 8. Kf1 Ne6 9. d3 Nc6 10. Kg1 g6 11. h4 h5 12. Ng5 Nxg5 13. Bxg5 Bg7 14. Qd2 Bg4 15. Bb5 0-0 16. Nd5 Re8 17. Rc1 a6 18. Bxc6 bxc6 19. Ne3 Be6 20. Nc4 Ra7 21. Kh2 Rd7 22. Rhd1 Bg4 23. f3 Be6 24. b3 Bd4 25. Be3 Qc7+ 26. Bf4 Qb7 1/2-1/2

[Event "LSS WC-2013-P-00011"]
[Site "LSS email"]
[Date "2009.02.14"]
[Round "?"]
[White "Pott, Brian"]
[Black "Iacob, Dorin"]
[Result "0-1"]
[WhiteElo "1978"]
[BlackElo "2050"]
[PlyCount "90"]
[EventDate "2009.02.18"]
[EventType "tourn (corr)"]
[EventRounds "6"]
[EventCountry "GER"]
[SourceTitle "Corr 2011"]
[Source "ChessBase"]
[SourceDate "2010.08.31"]
[SourceVersion "1"]
[SourceVersionDate "2010.08.31"]
[SourceQuality "1"]

1. e4 e5 2. Nf3 Nc6 3. Bb5 a6 4. Ba4 Nf6 5. 0-0 Be7 6. Re1 b5 7. Bb3 0-0 8. c3 d6 9. h3 Nb8 10. d4 Nbd7 11. Nbd2 c5 12. Bc2 Bb7 13. Nf1 cxd4 14. cxd4 g6 15. Bh6 Re8 16. Ng3 exd4 17. Qxd4 Rc8 18. Re2 Qb6 19. Rd1 Qxd4 20. Nxd4 Bf8 21. Bxf8 Kxf8 22. f4 Nc5 23. Rde1 Rc7 24. b4 Na4 25. e5 dxe5 26. fxe5 Nd5 27. a3 Nf4 28. Rf2 Nxg2 29. Rxg2 Bxg2 30. Kxg2 Rc4 31. Bxa4 Rxd4 32. Bc2 Rd2+ 33. Re2 Rxe2+ 34. Nxe2 Rxe5 35. Kf2 Re7 36. Bb3 Kg7 37. h4 f5 38. Nf4 Re4 39. Ng2 Kf6 40. Bd5 Re7 41. Bb3 Rc7 42. Ne3 Ke5 43. Ke2 Rc3 44. Bg8 h6 45. Bd5 Rxe3+ 0-1

[Event "LSS RN-2008-0-00130"]
[Site "LSS email"]
[Date "2008.05.04"]
[Round "?"]
[White "Iacob, Dorin"]
[Black "Carias, Alberto"]
[Result "1-0"]
[WhiteElo "1943"]
[BlackElo "880"]
[PlyCount "41"]
[EventDate "2008.04.25"]
[EventType "tourn (corr)"]
[EventRounds "6"]
[EventCountry "GER"]
[SourceTitle "Corr 2011"]
[Source "ChessBase"]
[SourceDate "2010.08.31"]
[SourceVersion "1"]
[SourceVersionDate "2010.08.31"]
[SourceQuality "1"]

1. Nf3 d5 2. b3 Nc6 3. Bb2 e6 4. e3 a6 5. Be2 Nf6 6. 0-0 Bd6 7. d4 Ne4 8. c4 dxc4 9. bxc4 b6 10. d5 Ne7 11. dxe6 Bxe6 12. Qc2 Nf6 13. Bxf6 gxf6 14. Nc3 Ng6 15. Nd4 Qd7 16. Bf3 0-0-0 17. Bc6 Qe7 18. Qa4 a5 19. Qb5 Rdg8 20. Nd5 Bxd5 21. Qa6+ 1-0

[Event "LSS ZI-2008-0-00253"]
[Site "LSS email"]
[Date "2008.05.04"]
[Round "?"]
[White "Tyutyunnik, Roman"]
[Black "Iacob, Dorin"]
[Result "1/2-1/2"]
[WhiteElo "1920"]
[BlackElo "1943"]
[PlyCount "23"]
[EventDate "2008.05.01"]
[EventType "match (corr)"]
[EventRounds "2"]
[EventCountry "GER"]
[SourceTitle "Corr 2013"]
[Source "ChessBase"]
[SourceDate "2012.11.12"]
[SourceVersion "1"]
[SourceVersionDate "2012.11.12"]
[SourceQuality "1"]

1. e4 c6 2. d4 d5 3. exd5 cxd5 4. c4 Nf6 5. Nc3 e6 6. Bg5 Bb4 7. Qa4+ Nc6 8. cxd5 Qxd5 9. Bxf6 gxf6 10. Qxb4 Nxb4 11. Nxd5 Nxd5 12. Bc4 1/2-1/2